000 01692nam2a22004211 4500
001 v19\rc\1485773
005 20250618154314.0
035 _a(NLR Aleph) 004617407
090 _a2994976
_c2994976
100 _a20060620d1880 |||y0rusy50 ca
101 0 _arus
102 _aRU
105 _aa z |||||
200 1 _aЛитература Древнего Востока
210 _d1880
_aБ. м.
215 _aVIII, 608 с., 3 л. ил.
461 0 _1001v19\rc\1485772
_12001#$aВсеобщая история литературы$eСост. по источникам и новейшим исслед., при участии рус. ученых и литераторов$fПод ред. В.Ф. Корша$vТ. 1. Ч. 1
_92994967
_cСанкт-Петербург
_d1880-1892
_fПод ред. В.Ф. Корша. Т. 1
_nК. Риккер
_oСост. по источникам и новейшим исслед., при участии рус. ученых и литераторов
_tВсеобщая история литературы
_vТ. 1. Ч. 1
801 0 _aRU
_bNLR
_gpsbo
801 0 _aRU
_bRuMoRGB
_2psbo
801 1 _aRU
_bProSoft-M
_2rusmarc
852 _aNLR
_bМф
_jК1/10396
852 _aNLR
_j132/3874(т.1, ч.1)
852 _aNLR
_j18.322.2.5(т.1, ч.1)
852 _aNLR
_j17.160.5.2
899 _aRuMoRGB
_jV 405/23
899 _aБАН
899 _aНБ СПбГУ
899 _aГПИБ
899 _aНБ МГУ
899 _aRuMoRGB
_jW 473/8
899 _aRuMoRGB
_jM 53/106
899 _aRuMoRGB
_jРб 1/546
899 _aRuMoRGB
_jW 142/2
899 _aRuMoRGB
_jРб 45/101
899 _aRuMoRGB
_jN 19/62
942 _cBOOK
980 _aNB